[Event "Riga Termo Eko Cup 13th"]
[Site "Riga"]
[Date "2018.12.24"]
[Round "6"]
[White "Tihonov, Jurij"]
[Black "Samolins, Vitalijs"]
[Result "1/2-1/2"]
[WhiteElo "2399"]
[BlackElo "2424"]
[PlyCount "61"]
[EventDate "2018.12.21"]
[EventType "swiss"]
[EventRounds "9"]
[EventCountry "LAT"]
[SourceTitle "CBM 188 Extra"]
[Source "ChessBase"]
[SourceDate "2019.02.26"]
[SourceVersion "1"]
[SourceVersionDate "2019.02.26"]
[SourceQuality "1"]

1. Nf3 Nf6 2. c4 e6 3. Nc3 d5 4. e3 c5 5. d4 Nc6 6. a3 a6 7. dxc5 Bxc5 8. b4 Ba7 9. Bb2 0-0 10. Qc2 Qe7 11. Rd1 Rd8 12. Be2 d4 13. exd4 Nxd4 14. Nxd4 Bxd4 15. 0-0 e5 16. Na4 Bxb2 17. Rxd8+ Qxd8 18. Qxb2 Qc7 19. Rd1 Bd7 20. Nc5 Bc6 21. Qd2 Kf8 22. Qe3 Rc8 23. h3 h6 24. Rd2 Qe7 25. Rd1 a5 26. Nd3 axb4 27. axb4 Be4 28. Nc5 Bc6 29. Nd3 Be4 30. Nc5 Bc6 31. Nd3 1/2-1/2

[Event "Riga Termo Eko Cup 13th"]
[Site "Riga"]
[Date "2018.12.21"]
[Round "1"]
[White "Samolins, Vitalijs"]
[Black "Zuj Zaikovskis, Nikita"]
[Result "1/2-1/2"]
[WhiteElo "2424"]
[BlackElo "1857"]
[PlyCount "81"]
[EventDate "2018.12.21"]
[EventType "swiss"]
[EventRounds "9"]
[EventCountry "LAT"]
[SourceTitle "CBM 188 Extra"]
[Source "ChessBase"]
[SourceDate "2019.02.26"]
[SourceVersion "1"]
[SourceVersionDate "2019.02.26"]
[SourceQuality "1"]

1. d4 d5 2. c4 e6 3. Nc3 Be7 4. cxd5 exd5 5. Bf4 c6 6. e3 Bd6 7. Bg3 Ne7 8. Nf3 Bf5 9. Be2 0-0 10. a3 h6 11. b4 Nc8 12. 0-0 Bxg3 13. hxg3 Nd6 14. b5 Nxb5 15. Nxb5 cxb5 16. Bxb5 Nd7 17. Bd3 Bxd3 18. Qxd3 Nf6 19. Rfb1 Qe7 20. Qb5 Rab8 21. Qa4 a6 22. Rc1 Rfc8 23. Qa5 Qd8 24. Qxd8+ Rxd8 25. Ne5 Rdc8 26. f3 Rxc1+ 27. Rxc1 Ne8 28. a4 f6 29. Nd3 Nd6 30. Nb4 Nf5 31. Kf2 Ne7 32. Rc7 Kf8 33. Nd3 Rc8 34. Rxb7 Rc2+ 35. Kf1 Nf5 36. Nf4 Nxe3+ 37. Kg1 g5 38. Ng6+ Kg8 39. Ne7+ Kf8 40. Ng6+ Kg8 41. Ne7+ 1/2-1/2

[Event "Alba Iulia Romania 100 op"]
[Site "Alba Iulia"]
[Date "2018.11.16"]
[Round "7"]
[White "Banzea, Alexandru Bogdan"]
[Black "Samolins, Vitalijs"]
[Result "1/2-1/2"]
[WhiteElo "2313"]
[BlackElo "2436"]
[PlyCount "74"]
[EventDate "2018.11.12"]
[EventType "swiss"]
[EventRounds "9"]
[EventCountry "ROU"]
[SourceTitle "CBM 187 Extra"]
[Source "ChessBase"]
[SourceDate "2018.11.04"]
[SourceVersion "1"]
[SourceVersionDate "2018.11.04"]
[SourceQuality "1"]

1. e4 c5 2. Nf3 Nf6 3. Nc3 d5 4. exd5 Nxd5 5. Bb5+ Nc6 6. 0-0 Nxc3 7. bxc3 e6 8. Ne5 Bd7 9. Bxc6 Bxc6 10. Nxc6 bxc6 11. Qg4 Rb8 12. Re1 g6 13. Qa4 Qc7 14. Ba3 Bd6 15. h3 0-0 16. Rab1 c4 17. Bxd6 Qxd6 18. Rbd1 Qd5 19. Qxa7 Ra8 20. Qc7 Rfc8 21. Qf4 Rxa2 22. Re5 Qd6 23. Re4 Qxf4 24. Rxf4 Rxc2 25. Rxc4 Rd8 26. Rxc6 Rdxd2 27. Rxd2 Rxd2 28. h4 Kg7 29. g3 h6 30. Rc5 Kf6 31. Kg2 g5 32. hxg5+ hxg5 33. Kf3 g4+ 34. Ke3 Rc2 35. Rc7 Ke5 36. Rxf7 Rxc3+ 37. Ke2 Rc4 1/2-1/2

[Event "Alba Iulia Romania 100 op"]
[Site "Alba Iulia"]
[Date "2018.11.15"]
[Round "6"]
[White "Samolins, Vitalijs"]
[Black "Pop, Alexandru"]
[Result "1/2-1/2"]
[WhiteElo "2436"]
[BlackElo "2274"]
[PlyCount "141"]
[EventDate "2018.11.12"]
[EventType "swiss"]
[EventRounds "9"]
[EventCountry "ROU"]
[SourceTitle "CBM 187 Extra"]
[Source "ChessBase"]
[SourceDate "2018.11.04"]
[SourceVersion "1"]
[SourceVersionDate "2018.11.04"]
[SourceQuality "1"]

1. e4 e6 2. d4 d5 3. Nd2 Nf6 4. e5 Nfd7 5. Bd3 c5 6. c3 b6 7. Qe2 Nc6 8. Ndf3 cxd4 9. cxd4 Nb4 10. Bb1 Ba6 11. Qd1 Rc8 12. a3 Nc6 13. Ne2 Na5 14. Bd3 Bxd3 15. Qxd3 Qc7 16. b3 Qc2 17. Qxc2 Rxc2 18. b4 Nb3 19. Rb1 Nxc1 20. Rxc1 Rxc1+ 21. Nxc1 Be7 22. Nd3 Kd8 23. a4 Kc7 24. Ke2 Kb7 25. Rc1 Rc8 26. Rxc8 Kxc8 27. Nd2 Kb7 28. b5 a5 29. g4 Kc8 30. f4 Nf8 31. Nf3 Kd7 32. f5 h6 33. h3 g6 34. f6 Ba3 35. Nfe1 Nh7 36. Nc2 Bf8 37. h4 Ke8 38. Ke3 Kd7 39. Nc1 Ke8 40. Kd3 Kd7 41. Ne2 Kc7 42. Nc3 Kb7 43. Ne3 Bb4 44. Ne2 g5 45. h5 Be1 46. Nc2 Bf2 47. Nc1 Kc7 48. Ke2 Bg3 49. Nd3 Kd7 50. Na1 Bf4 51. Nb3 Kd8 52. Kf3 Bh2 53. Nbc1 Bf4 54. Ne2 Bd2 55. Ng1 Kd7 56. Nh3 Ke8 57. Ke2 Bf4 58. Kf2 Kd7 59. Ndxf4 gxf4 60. g5 hxg5 61. Kf3 Ke8 62. Nf2 Kf8 63. Ng4 Ke8 64. Nh6 Kf8 65. Kg4 Ke8 66. Ng8 Kd8 67. Ne7 Kd7 68. Nc6 Kc7 69. Ne7 Kd7 70. Ng6 Ke8 71. Ne7 1/2-1/2

[Event "Alba Iulia Romania 100 op"]
[Site "Alba Iulia"]
[Date "2018.11.15"]
[Round "5"]
[White "Scripcaru, George Daniel"]
[Black "Samolins, Vitalijs"]
[Result "1/2-1/2"]
[WhiteElo "2176"]
[BlackElo "2436"]
[PlyCount "100"]
[EventDate "2018.11.12"]
[EventType "swiss"]
[EventRounds "9"]
[EventCountry "ROU"]
[SourceTitle "CBM 187 Extra"]
[Source "ChessBase"]
[SourceDate "2018.11.04"]
[SourceVersion "1"]
[SourceVersionDate "2018.11.04"]
[SourceQuality "1"]

1. Nf3 Nf6 2. g3 b5 3. Bg2 Bb7 4. 0-0 e6 5. d3 c5 6. e4 d6 7. a4 a6 8. Nc3 b4 9. Nb1 Nc6 10. Nbd2 d5 11. exd5 exd5 12. Nh4 Qd7 13. Nb3 Be7 14. Be3 d4 15. Bg5 0-0 16. Bxf6 Bxf6 17. Nxc5 Qe7 18. Nxb7 Qxb7 19. Nf5 Qc7 20. Re1 Rac8 21. Re4 g6 22. Nh6+ Kh8 23. Qd2 Qa5 24. h4 Bg7 25. g4 b3 26. Qf4 bxc2 27. Nxf7+ Kg8 28. Nh6+ Kh8 29. Nf7+ Rxf7 30. Qxf7 Ne5 31. Qe6 c1Q+ 32. Rxc1 Rxc1+ 33. Bf1 h5 34. Kg2 hxg4 35. h5 Qc5 36. h6 Bxh6 37. Qxe5+ Qxe5 38. Rxe5 Rc2 39. Re2 Rd2 40. Rxd2 Bxd2 41. Be2 Kg7 42. Bxg4 Kf6 43. Bc8 a5 44. Kf3 Ke5 45. Ke2 Bb4 46. f3 g5 47. b3 Kf4 48. Bd7 Bc3 49. Bc8 Bb4 50. Bd7 Bc3 1/2-1/2

[Event "Amantea op 16th"]
[Site "Amantea"]
[Date "2018.09.11"]
[Round "3"]
[White "Samolins, Vitalijs"]
[Black "Vorobiov, Evgeny E"]
[Result "0-1"]
[WhiteElo "2429"]
[BlackElo "2561"]
[PlyCount "60"]
[EventDate "2018.09.09"]
[EventType "swiss"]
[EventRounds "9"]
[EventCountry "ITA"]
[SourceTitle "CBM 186 Extra"]
[Source "ChessBase"]
[SourceDate "2018.08.24"]
[SourceVersion "1"]
[SourceVersionDate "2018.08.24"]
[SourceQuality "1"]

1. e4 c5 2. Nf3 d6 3. Bb5+ Nd7 4. Ba4 Ngf6 5. 0-0 a6 6. c4 Nxe4 7. Re1 Nef6 8. d4 cxd4 9. Nxd4 g6 10. Bf4 e5 11. c5 Bg7 12. Nc6 bxc6 13. Bxc6 0-0 14. Bxa8 exf4 15. cxd6 Nb6 16. Bf3 Ne8 17. Nc3 Nxd6 18. Qe2 Nf5 19. Be4 Nd4 20. Qf1 f3 21. Rad1 fxg2 22. Qxg2 Qh4 23. Bb7 Bxb7 24. Qxb7 Nc4 25. Qe4 Qg5+ 26. Kh1 Nd6 27. Qd5 N6f5 28. Re4 Qh5 29. Rd3 Ne6 30. Qc6 Nc5 0-1

[Event "Baltic zt III Stage"]
[Site "Liepaja"]
[Date "2018.07.15"]
[Round "9"]
[White "Samolins, Vitalijs"]
[Black "Seeman, Tarvo"]
[Result "1-0"]
[WhiteElo "2400"]
[BlackElo "2414"]
[PlyCount "57"]
[EventDate "2018.07.09"]
[EventType "swiss"]
[EventRounds "9"]
[EventCountry "LAT"]
[SourceTitle "CBM 185 Extra"]
[Source "ChessBase"]
[SourceDate "2018.07.29"]
[SourceVersion "1"]
[SourceVersionDate "2018.07.29"]
[SourceQuality "1"]

1. e4 g6 2. d4 Bg7 3. Nf3 d6 4. Bc4 Nf6 5. Qe2 0-0 6. e5 dxe5 7. dxe5 Nd5 8. 0-0 c6 9. Nbd2 Qc7 10. Re1 Nd7 11. c3 e6 12. a4 b6 13. Nf1 Bb7 14. h4 a6 15. h5 b5 16. Bd3 bxa4 17. Rxa4 Nc5 18. Rh4 Nxd3 19. Qxd3 c5 20. N1h2 Qc6 21. Ng4 Rfd8 22. hxg6 fxg6 23. Qe4 Qd7 24. Rxh7 Ne7 25. Qf4 Kxh7 26. Ng5+ Kh8 27. Qh2+ Kg8 28. Nf6+ Bxf6 29. Qh7+ 1-0

[Event "Baltic zt III Stage"]
[Site "Liepaja"]
[Date "2018.07.11"]
[Round "4"]
[White "Kanep, Meelis"]
[Black "Samolins, Vitalijs"]
[Result "1/2-1/2"]
[WhiteElo "2440"]
[BlackElo "2400"]
[PlyCount "43"]
[EventDate "2018.07.09"]
[EventType "swiss"]
[EventRounds "9"]
[EventCountry "LAT"]
[SourceTitle "CBM 185 Extra"]
[Source "ChessBase"]
[SourceDate "2018.07.29"]
[SourceVersion "1"]
[SourceVersionDate "2018.07.29"]
[SourceQuality "1"]

1. Nf3 d5 2. d4 Bf5 3. c4 e6 4. Nc3 Nf6 5. e3 Be7 6. Qb3 b6 7. Ne5 c6 8. Be2 Nfd7 9. g4 Nxe5 10. gxf5 dxc4 11. Qd1 Nd3+ 12. Bxd3 cxd3 13. fxe6 0-0 14. exf7+ Rxf7 15. Qxd3 c5 16. Qe4 Nd7 17. 0-0 Nf6 18. Qg2 cxd4 19. exd4 Qf8 20. Be3 Rd8 21. Kh1 Nh5 22. Ne2 1/2-1/2

[Event "Baltic zt III Stage"]
[Site "Liepaja"]
[Date "2018.07.09"]
[Round "1"]
[White "Samolins, Vitalijs"]
[Black "Meskovs, Nikita"]
[Result "1-0"]
[WhiteElo "2400"]
[BlackElo "2540"]
[PlyCount "85"]
[EventDate "2018.07.09"]
[EventType "swiss"]
[EventRounds "9"]
[EventCountry "LAT"]
[SourceTitle "CBM 185 Extra"]
[Source "ChessBase"]
[SourceDate "2018.07.29"]
[SourceVersion "1"]
[SourceVersionDate "2018.07.29"]
[SourceQuality "1"]

1. e4 c5 2. Nf3 e6 3. c3 Nf6 4. e5 Nd5 5. Bc4 Nb6 6. Bb3 c4 7. Bc2 d6 8. exd6 Bxd6 9. d4 cxd3 10. Qxd3 Nc6 11. 0-0 Be7 12. Qe2 Qc7 13. a4 Bd7 14. Na3 a6 15. Rd1 h6 16. Nc4 Nxc4 17. Qxc4 e5 18. a5 Be6 19. Qa4 Bc5 20. Qh4 f6 21. b4 Ba7 22. Qh5+ Kf8 23. Nh4 Ne7 24. Ng6+ Nxg6 25. Qxg6 Bf7 26. Qf5 Qxc3 27. Ba3 Bd4 28. Be4 Rb8 29. b5+ Kg8 30. Bd6 Rd8 31. Rac1 Qb3 32. Bc7 Be6 33. Qf3 Rd7 34. Bxb7 Kf7 35. b6 Qb2 36. h3 f5 37. Bxa6 e4 38. Qe2 Qa3 39. b7 Ba7 40. Bc4 Rxd1+ 41. Rxd1 Qc5 42. Rd7+ Kf6 43. Qb2+ 1-0

[Event "Baltic zt II Stage"]
[Site "Palanga"]
[Date "2018.06.18"]
[Round "7"]
[White "Samolins, Vitalijs"]
[Black "Starostits, Ilmars"]
[Result "1-0"]
[WhiteElo "2406"]
[BlackElo "2461"]
[PlyCount "69"]
[EventDate "2018.06.14"]
[EventType "swiss"]
[EventRounds "9"]
[EventCountry "LTU"]
[SourceTitle "CBM 184 Extra"]
[Source "ChessBase"]
[SourceDate "2018.06.28"]
[SourceVersion "1"]
[SourceVersionDate "2018.06.28"]
[SourceQuality "1"]

1. Nf3 d5 2. d4 Nf6 3. c4 dxc4 4. e3 e6 5. Bxc4 c5 6. 0-0 cxd4 7. exd4 Be7 8. Nc3 0-0 9. Be3 Nbd7 10. Ne5 Nb6 11. Bb3 Nbd5 12. Qf3 a5 13. Rac1 Nxc3 14. bxc3 a4 15. Bc2 Qd5 16. c4 Qxf3 17. Nxf3 Bd7 18. Rb1 b5 19. cxb5 Rfb8 20. Bd3 Nd5 21. Ne5 Be8 22. Nc6 Bxc6 23. bxc6 Rc8 24. Rfc1 Nb4 25. Bb5 Nxa2 26. Rc4 a3 27. Bd2 h6 28. Ra1 Bd6 29. Rxa2 Rab8 30. Ba4 Rb2 31. Rxb2 axb2 32. Bc2 Ra8 33. Kf1 Ra1+ 34. Ke2 Rc1 35. Bxc1 1-0

[Event "Baltic zt II Stage"]
[Site "Palanga"]
[Date "2018.06.17"]
[Round "6"]
[White "Ladva, Ottomar"]
[Black "Samolins, Vitalijs"]
[Result "1-0"]
[WhiteElo "2499"]
[BlackElo "2406"]
[PlyCount "59"]
[EventDate "2018.06.14"]
[EventType "swiss"]
[EventRounds "9"]
[EventCountry "LTU"]
[SourceTitle "CBM 184 Extra"]
[Source "ChessBase"]
[SourceDate "2018.06.28"]
[SourceVersion "1"]
[SourceVersionDate "2018.06.28"]
[SourceQuality "1"]

1. Nf3 Nf6 2. d4 e6 3. g3 b6 4. Bg2 Bb7 5. c4 Be7 6. 0-0 0-0 7. Re1 d5 8. cxd5 exd5 9. Nc3 Nbd7 10. Bf4 a6 11. Ne5 Re8 12. Qb3 Nf8 13. e4 c6 14. Bh3 Bd6 15. Nxf7 Kxf7 16. Bxd6 Qxd6 17. e5 Qc7 18. exf6 gxf6 19. Na4 b5 20. Nc5 Rxe1+ 21. Rxe1 Bc8 22. Bxc8 Qxc8 23. Qf3 Qc7 24. Re5 a5 25. Rg5 Ng6 26. Rxd5 Rd8 27. Rh5 Nf8 28. Ne4 Qe7 29. Nxf6 Kg7 30. Qg4+ 1-0

[Event "LAT-ch"]
[Site "Riga"]
[Date "2018.05.04"]
[Round "6"]
[White "Samolins, Vitalijs"]
[Black "Berzinsh, Roland"]
[Result "1/2-1/2"]
[WhiteElo "2402"]
[BlackElo "2406"]
[PlyCount "94"]
[EventDate "2018.04.30"]
[EventType "swiss"]
[EventRounds "9"]
[EventCountry "LAT"]
[SourceTitle "CBM 184 Extra"]
[Source "ChessBase"]
[SourceDate "2018.06.28"]
[SourceVersion "1"]
[SourceVersionDate "2018.06.28"]
[SourceQuality "1"]

1. d4 d5 2. Bg5 h6 3. Bh4 c6 4. Nf3 Qb6 5. b3 Bf5 6. e3 Nd7 7. Bd3 Bxd3 8. Qxd3 Ngf6 9. Nbd2 e6 10. 0-0 Be7 11. c4 0-0 12. c5 Qd8 13. b4 a6 14. h3 Nh5 15. Bxe7 Qxe7 16. Ne5 Nhf6 17. f4 Nxe5 18. fxe5 Nd7 19. e4 f6 20. exf6 Nxf6 21. e5 Nh5 22. Qe3 Qh4 23. g4 Ng3 24. Rxf8+ Rxf8 25. Kg2 Ne4 26. Nxe4 dxe4 27. Rf1 Rxf1 28. Kxf1 h5 29. gxh5 Qxh5 30. Kg2 Qg6+ 31. Kf2 Qf5+ 32. Kg3 Qg6+ 33. Kf2 Kf7 34. Qf4+ Ke7 35. Ke3 Qg1+ 36. Kxe4 Qg2+ 37. Qf3 Qxa2 38. Qg4 Qc2+ 39. Ke3 Kf7 40. Qf4+ Kg8 41. Qg4 Qc1+ 42. Ke4 Qh6 43. h4 Kf7 44. Qf3+ Kg6 45. Qg4+ Kh7 46. h5 Kg8 47. Qg6 Qxg6+ 1/2-1/2

[Event "PRO League KO Stage"]
[Site "Chess.com INT"]
[Date "2017.03.01"]
[Round "1"]
[White "Samolins, Vitalijs"]
[Black "Dudukin, Ilya"]
[Result "1-0"]
[WhiteElo "2402"]
[BlackElo "2396"]
[PlyCount "69"]
[EventDate "2017.03.01"]
[EventType "team-k.o. (rapid)"]
[EventRounds "5"]
[EventCountry "USA"]
[SourceTitle "CBM 177 Extra"]
[Source "ChessBase"]
[SourceDate "2017.04.27"]
[SourceVersion "1"]
[SourceVersionDate "2017.04.27"]
[SourceQuality "1"]
[WhiteTeam "Riga Magicians"]
[BlackTeam "Gorky Stormbringers"]
[WhiteTeamCountry "LAT"]
[BlackTeamCountry "RUS"]

1. e4 c5 2. c3 Nf6 3. e5 Nd5 4. Nf3 Nc6 5. Bc4 Nb6 6. Bb3 d5 7. exd6 c4 8. Bc2 e5 9. 0-0 f5 10. d4 cxd3 11. Qxd3 e4 12. Qe2 Bxd6 13. Rd1 Qc7 14. Bb3 Bd7 15. Na3 0-0-0 16. Ng5 Ne5 17. Ne6 Bxe6 18. Bxe6+ Kb8 19. Nb5 Qe7 20. Bxf5 Nf3+ 21. gxf3 Bxh2+ 22. Kxh2 Qe5+ 23. Kg2 Qxf5 24. Rxd8+ Rxd8 25. fxe4 Qg6+ 26. Kf1 Rf8 27. Qd3 Nc8 28. Be3 Qh5 29. Rd1 Qf3 30. Bxa7+ Nxa7 31. Qd6+ Ka8 32. Nc7+ Kb8 33. Na6+ Ka8 34. Qb8+ Rxb8 35. Nc7# 1-0

[Event "GRB-ch Universities"]
[Site "Birmingham"]
[Date "2017.02.26"]
[Round "5.1"]
[White "Manole, Stefan"]
[Black "Samolins, Vitalijs"]
[Result "0-1"]
[WhiteElo "2078"]
[BlackElo "2402"]
[PlyCount "88"]
[EventDate "2017.02.25"]
[EventType "team-swiss"]
[EventRounds "5"]
[EventCountry "ENG"]
[SourceTitle "CBM 177 Extra"]
[Source "ChessBase"]
[SourceDate "2017.04.27"]
[SourceVersion "1"]
[SourceVersionDate "2017.04.27"]
[SourceQuality "1"]
[WhiteTeam "UCL"]
[BlackTeam "Warwicks Select"]
[WhiteTeamCountry "ENG"]
[BlackTeamCountry "ENG"]

1. e4 e5 2. Nf3 Nc6 3. d4 exd4 4. Nxd4 Nf6 5. Nxc6 bxc6 6. e5 Nd5 7. c4 Bb4+ 8. Bd2 Bxd2+ 9. Nxd2 Ne7 10. Bd3 Ng6 11. 0-0 0-0 12. Bxg6 fxg6 13. Qb3 d6 14. exd6 cxd6 15. Ne4 Be6 16. Rad1 d5 17. Nc5 Bf7 18. Rfe1 Qa5 19. Nd7 Rfe8 20. Qc3 Qxc3 21. bxc3 dxc4 22. Ne5 Bd5 23. f4 Rab8 24. Rb1 Rb6 25. Rxb6 axb6 26. a4 Ra8 27. Rb1 Rxa4 28. Rxb6 Kf8 29. Nxc6 Ra3 30. Rb8+ Kf7 31. Ne5+ Ke7 32. Rb5 Ke6 33. g4 Rxc3 34. Rb6+ Ke7 35. Ra6 Rc2 36. Ra7+ Kd6 37. Rxg7 Rg2+ 38. Kf1 Rxh2 39. Rd7+ Kc5 40. f5 gxf5 41. gxf5 Rh5 42. Nxc4 Kxc4 43. f6 Rf5+ 44. Kg1 h6 0-1

[Event "FIN-chT 1213"]
[Site "Finland"]
[Date "2012.09.30"]
[Round "3.2"]
[White "Sklyarov, Dmitry V"]
[Black "Samolins, Vitalijs"]
[Result "1-0"]
[WhiteElo "2425"]
[BlackElo "2403"]
[PlyCount "117"]
[EventDate "2012.09.28"]
[EventType "team-tourn"]
[EventRounds "11"]
[EventCountry "FIN"]
[SourceTitle "CBM 150 Extra"]
[Source "ChessBase"]
[SourceDate "2012.10.19"]
[SourceVersion "1"]
[SourceVersionDate "2012.10.19"]
[SourceQuality "1"]
[WhiteTeam "Joensuu SK"]
[BlackTeam "Sastamala VammSK"]
[WhiteTeamCountry "FIN"]
[BlackTeamCountry "FIN"]

1. Nf3 d5 2. g3 Nf6 3. Bg2 c6 4. 0-0 Bg4 5. d4 Nbd7 6. Nbd2 e6 7. c3 Bd6 8. Re1 0-0 9. e4 dxe4 10. Nxe4 Nxe4 11. Rxe4 Bf5 12. Re1 h6 13. Qb3 Qc7 14. Nd2 e5 15. Ne4 Be6 16. Qc2 exd4 17. Nxd6 Qxd6 18. Bf4 Qc5 19. Rad1 Rfe8 20. Rxd4 Bf5 21. Rxe8+ Rxe8 22. Qd2 Ne5 23. b3 g5 24. Be3 Qe7 25. Qd1 c5 26. Rd5 Bg4 27. Qf1 b6 28. h3 Bh5 29. g4 Bg6 30. Bd2 Qf6 31. f4 gxf4 32. Qxf4 Qxf4 33. Bxf4 Nd3 34. Bxh6 Re1+ 35. Bf1 Ra1 36. Rd8+ Kh7 37. Bg5 Be4 38. Re8 f5 39. h4 Kg6 40. Re6+ Kh7 41. h5 Nf4 42. Re7+ Kg8 43. Rxe4 Nh3+ 44. Kg2 Nxg5 45. Rf4 Rxa2+ 46. Kg1 fxg4 47. Rxg4 Kg7 48. Rxg5+ Kh6 49. Re5 Rc2 50. c4 Rc3 51. Be2 Rxb3 52. Re6+ Kg7 53. Re7+ Kf6 54. Rxa7 Rb2 55. Kf2 b5 56. cxb5 c4 57. Rb7 c3 58. Rc7 c2 59. h6 1-0

[Event "FIN-chT 1213"]
[Site "Finland"]
[Date "2012.09.28"]
[Round "1.2"]
[White "Samolins, Vitalijs"]
[Black "Kauppila, Osmo"]
[Result "1/2-1/2"]
[WhiteElo "2403"]
[BlackElo "2280"]
[PlyCount "107"]
[EventDate "2012.09.28"]
[EventType "team-tourn"]
[EventRounds "11"]
[EventCountry "FIN"]
[SourceTitle "CBM 150 Extra"]
[Source "ChessBase"]
[SourceDate "2012.10.19"]
[SourceVersion "1"]
[SourceVersionDate "2012.10.19"]
[SourceQuality "1"]
[WhiteTeam "Sastamala VammSK"]
[BlackTeam "Oulu OSS"]
[WhiteTeamCountry "FIN"]
[BlackTeamCountry "FIN"]

1. e4 e5 2. Nf3 Nc6 3. d4 exd4 4. Nxd4 Nf6 5. Nxc6 bxc6 6. e5 Qe7 7. Qe2 Nd5 8. c4 Nb6 9. Nd2 a5 10. Qe4 g6 11. Bd3 Bg7 12. 0-0 0-0 13. Nf3 Ba6 14. Re1 f6 15. Bf4 fxe5 16. Bxe5 d5 17. cxd5 cxd5 18. Qd4 Bxd3 19. Qxd3 Bxe5 20. Nxe5 Qd6 21. Ng4 c5 22. Qh3 Rae8 23. Qh4 Nd7 24. Qg5 h5 25. Ne3 Re5 26. Qg3 Qf6 27. Rf1 d4 28. Nc4 Re2 29. Rae1 h4 30. Qf3 Qxf3 31. gxf3 Rfe8 32. Rb1 h3 33. Rfc1 a4 34. Kf1 R2e6 35. b3 axb3 36. Rxb3 Ne5 37. Nxe5 Rxe5 38. f4 Rd5 39. Re1 Rxe1+ 40. Kxe1 c4 41. Rxh3 Ra5 42. f5 Rxa2 43. fxg6 Ra1+ 44. Kd2 c3+ 45. Kc2 Ra2+ 46. Kd1 Rxf2 47. Rd3 Rf4 48. h3 Kg7 49. Rg3 Re4 50. Rg5 d3 51. Rc5 Kxg6 52. Rxc3 Re3 53. Kd2 Rxh3 54. Rxd3 1/2-1/2

[Event "Olympiad-40"]
[Site "Istanbul"]
[Date "2012.09.04"]
[Round "7.3"]
[White "Atabayev, Maksat"]
[Black "Samolins, Vitalijs"]
[Result "1/2-1/2"]
[WhiteElo "2402"]
[BlackElo "2404"]
[PlyCount "150"]
[EventDate "2012.08.28"]
[EventType "team-swiss"]
[EventRounds "11"]
[EventCountry "TUR"]
[SourceTitle "CBM 151"]
[Source "ChessBase"]
[SourceDate "2012.11.13"]
[SourceVersion "1"]
[SourceVersionDate "2012.11.13"]
[SourceQuality "1"]
[WhiteTeam "Turkmenistan"]
[BlackTeam "Latvia"]
[WhiteTeamCountry "TKM"]
[BlackTeamCountry "LAT"]

1. e4 e5 2. Nf3 Nc6 3. Bb5 f5 4. d3 fxe4 5. dxe4 Nf6 6. Nc3 Bc5 7. 0-0 d6 8. Be3 Bxe3 9. fxe3 h6 10. Nh4 0-0 11. Ng6 Re8 12. Qf3 Kh7 13. Nh4 Rf8 14. Qg3 Ne7 15. Nd5 Nh5 16. Rxf8 Qxf8 17. Qf3 Qxf3 18. gxf3 Nxd5 19. exd5 g5 20. Bd3+ Kg7 21. Nf5+ Bxf5 22. Bxf5 Rf8 23. Be6 e4 24. fxe4 Nf6 25. e5 dxe5 26. c4 Ne4 27. b4 Kf6 28. Bh3 Nd2 29. c5 Nf3+ 30. Kh1 e4 31. b5 h5 32. Rd1 g4 33. Bf1 Rd8 34. a4 b6 35. d6 bxc5 36. dxc7 Rc8 37. Rd7 Ke6 38. Rh7 Kd6 39. Rxh5 Rxc7 40. Bc4 Ne5 41. Rh6+ Kd7 42. Bd5 c4 43. Bxe4 c3 44. Bf5+ Ke8 45. a5 Nc4 46. b6 axb6 47. a6 Nxe3 48. Re6+ Kd8 49. a7 Rxa7 50. Rxe3 Rc7 51. Bc2 b5 52. Re4 Rc4 53. Rxc4 bxc4 54. Kg2 Ke7 55. Kg3 Kf6 56. Kf4 Kg7 57. Kg5 Kh8 58. Kh6 Kg8 59. Bh7+ Kh8 60. Bf5 c2 61. Bxc2 c3 62. Bb3 c2 63. Bxc2 Kg8 64. Kg6 Kh8 65. Be4 Kg8 66. Bd5+ Kh8 67. Kf7 Kh7 68. Kf6 Kh8 69. Be4 Kg8 70. Bg6 Kh8 71. Bf7 Kh7 72. Be6 Kh8 73. Bf5 Kg8 74. Kg6 Kh8 75. Kf7 g3 1/2-1/2

[Event "Olympiad-40"]
[Site "Istanbul"]
[Date "2012.08.30"]
[Round "3.4"]
[White "Samolins, Vitalijs"]
[Black "Jakovenko, Dmitrij"]
[Result "0-1"]
[WhiteElo "2404"]
[BlackElo "2722"]
[PlyCount "80"]
[EventDate "2012.08.28"]
[EventType "team-swiss"]
[EventRounds "11"]
[EventCountry "TUR"]
[SourceTitle "CBM 151"]
[Source "ChessBase"]
[SourceDate "2012.11.13"]
[SourceVersion "1"]
[SourceVersionDate "2012.11.13"]
[SourceQuality "1"]
[WhiteTeam "Latvia"]
[BlackTeam "Russia"]
[WhiteTeamCountry "LAT"]
[BlackTeamCountry "RUS"]

1. e4 e6 2. d4 d5 3. exd5 exd5 4. Nf3 Nf6 5. Bd3 Be7 6. h3 0-0 7. Nc3 c5 8. dxc5 Bxc5 9. 0-0 h6 10. Bf4 Nc6 11. a3 Be6 12. Qd2 Re8 13. Rfe1 Rc8 14. Rad1 a6 15. Ne5 Nxe5 16. Bxe5 Nd7 17. Bg3 Nb6 18. Ne2 Qg5 19. c3 Nc4 20. Qxg5 hxg5 21. Bxc4 dxc4 22. Nd4 Bd7 23. Rxe8+ Rxe8 24. Nf3 Bc6 25. Kf1 f6 26. Bc7 Kf7 27. Rd8 Rxd8 28. Bxd8 Bxf3 29. gxf3 Ke6 30. Bc7 Kd7 31. Bg3 Bd6 32. h4 gxh4 33. Bxh4 Bf4 34. Ke2 Bc1 35. a4 Bxb2 36. Kd2 Ba3 37. Ke3 Bc5+ 38. Ke4 Ke6 39. f4 f5+ 40. Kf3 Be7 0-1